M animals - Statistics

General Stats
  • This quiz has been taken 60 times
  • The average score is 7 of 13
Answer Stats
Picture Answer % Correct
Monkey
91%
Mallard
73%
Millipede
68%
Meerkat
66%
Mole
66%
Macaw
64%
Moth
59%
Magpie
55%
Mandrill
43%
Maltese
34%
Marmoset
23%
Mastiff
20%
Mockingbird
18%
No matching quizzes found
Score Distribution
Percent of People with Each Score
Percentile by Number Answered
Your Score History
You have not taken this quiz